[Event "Regionalliga SW 1314"]
[Site "Bayern"]
[Date "2014.04.06"]
[Round "9.4"]
[White "Iberl, Michael"]
[Black "Stielfried, Martin"]
[Result "0-1"]
[WhiteElo "1952"]
[BlackElo "2127"]
[PlyCount "158"]
[EventDate "2013.10.13"]
[EventType "team-tourn"]
[EventRounds "9"]
[EventCountry "GER"]
[SourceTitle "EXT 2015"]
[Source "ChessBase"]
[SourceDate "2014.11.20"]
[SourceVersion "1"]
[SourceVersionDate "2014.11.20"]
[SourceQuality "1"]
[WhiteTeam "Dachau"]
[BlackTeam "Sendling"]
[WhiteTeamCountry "GER"]
[BlackTeamCountry "GER"]

1. d4 c6 2. c4 d6 3. Nf3 Bg4 4. g3 Bxf3 5. exf3 e5 6. Bg2 Nd7 7. 0-0 Be7 8. Nc3 Ngf6 9. Re1 0-0 10. Be3 Re8 11. Qc2 Bf8 12. Rad1 exd4 13. Rxd4 Qa5 14. Red1 a6 15. a3 b5 16. cxb5 axb5 17. Rh4 h6 18. Qf5 d5 19. Bf1 g5 20. Rh3 Re5 21. Qc2 Re6 22. f4 Ng4 23. Qf5 Nxe3 24. fxe3 Qa7 25. Bd3 Bg7 26. Nxd5 cxd5 27. Qxd5 Nf6 28. Qd4 Qxd4 29. exd4 Rb6 30. fxg5 hxg5 31. Bf5 b4 32. g4 bxa3 33. bxa3 Bf8 34. Rdd3 Rb2 35. Rc3 Re8 36. Rhe3 Rxe3 37. Rxe3 Bd6 38. h3 Ra2 39. Rc3 Bxa3 40. Rc6 Kg7 41. Ra6 Ne8 42. Bd7 Nd6 43. Ra5 Kf6 44. Ra7 Ra1+ 45. Kg2 Bb2 46. Rxa1 Bxa1 47. d5 Ke5 48. Bc6 Kf4 49. Bd7 Be5 50. Kf2 Bd4+ 51. Kg2 Nc4 52. Bc6 Bc5 53. d6 Bxd6 54. Kf2 Bc5+ 55. Kg2 Ne3+ 56. Kh2 Bb4 57. Bb7 Be1 58. Bc6 Bg3+ 59. Kg1 Ke5 60. Bb7 f6 61. Bc6 Kf4 62. Bb7 Nxg4 63. hxg4 Kxg4 64. Kg2 Bc7 65. Bc8+ f5 66. Bd7 Kf4 67. Bc8 g4 68. Bd7 Kg5 69. Bc8 f4 70. Bb7 Kf6 71. Bc8 f3+ 72. Kf2 Kg5 73. Ke3 Kh4 74. Ba6 Kg3 75. Bc8 Bb6+ 76. Ke4 f2 77. Ba6 Kg2 78. Kf4 g3 79. Bb7+ Kg1 0-1

[Event "Landesliga Sued 1112"]
[Site "Bayern"]
[Date "2012.02.05"]
[Round "6.5"]
[White "Mooser, Stefan"]
[Black "Stielfried, Martin"]
[Result "1-0"]
[WhiteElo "2197"]
[BlackElo "2151"]
[PlyCount "131"]
[EventDate "2011.10.02"]
[EventType "team-tourn"]
[EventRounds "9"]
[EventCountry "GER"]
[SourceTitle "EXT 2013"]
[Source "ChessBase"]
[SourceDate "2012.11.22"]
[SourceVersion "1"]
[SourceVersionDate "2012.11.22"]
[SourceQuality "1"]
[WhiteTeam "Unterhaching"]
[BlackTeam "Sendling"]
[WhiteTeamCountry "GER"]
[BlackTeamCountry "GER"]

1. e4 c5 2. Nf3 d6 3. d4 Nf6 4. Nc3 cxd4 5. Nxd4 a6 6. Be2 e5 7. Nb3 b5 8. a4 b4 9. Nd5 Nc6 10. Be3 Nxd5 11. Qxd5 Qc7 12. a5 Be6 13. Qd3 Be7 14. 0-0 0-0 15. Bb6 Qb7 16. Rfd1 Rfc8 17. Ra4 Bd7 18. Nc5 dxc5 19. Qxd7 Qxd7 20. Rxd7 Kf8 21. c3 f6 22. Ra1 Ke8 23. Rd5 Nb8 24. Rad1 c4 25. cxb4 c3 26. bxc3 Rxc3 27. b5 Rc2 28. R5d2 Rxd2 29. Rxd2 axb5 30. Bxb5+ Kf8 31. Kf1 Na6 32. Bxa6 Rxa6 33. Rd5 Bb4 34. Ke2 Kf7 35. Kd3 Ke6 36. Kc4 Bxa5 37. Bxa5 Rc6+ 38. Kd3 Rc1 39. Ke2 Ra1 40. Bd2 h5 41. Ra5 Rb1 42. Ra6+ Kf7 43. Ra7+ Kg8 44. Kf3 Rb2 45. Be3 Rb4 46. Ra8+ Kh7 47. h4 Rc4 48. Rb8 Ra4 49. Bd2 Ra3+ 50. Ke2 Kg6 51. g3 Kh7 52. Bb4 Ra1 53. Bf8 Kg8 54. Bc5+ Kh7 55. Rb7 Kg8 56. Kd3 Rd1+ 57. Kc4 Rd2 58. Kb5 Re2 59. Be3 Rc2 60. Rb6 Kf7 61. Rc6 Ra2 62. Rc7+ Kg6 63. Kc6 Ra5 64. Kd6 Ra4 65. Kd5 Ra6 66. Ra7 1-0

[Event "Landesliga Sued 1112"]
[Site "Bayern"]
[Date "2011.10.02"]
[Round "1.5"]
[White "Jussupow, Alexander"]
[Black "Stielfried, Martin"]
[Result "1-0"]
[WhiteElo "2155"]
[BlackElo "2151"]
[PlyCount "133"]
[EventDate "2011.10.02"]
[EventType "team-tourn"]
[EventRounds "9"]
[EventCountry "GER"]
[SourceTitle "EXT 2013"]
[Source "ChessBase"]
[SourceDate "2012.11.22"]
[SourceVersion "1"]
[SourceVersionDate "2012.11.22"]
[SourceQuality "1"]
[WhiteTeam "Krumbach"]
[BlackTeam "Sendling"]
[WhiteTeamCountry "GER"]
[BlackTeamCountry "GER"]

1. d4 d5 2. Nf3 c6 3. e3 Bg4 4. c4 e6 5. Nc3 Nd7 6. Be2 Bxf3 7. Bxf3 dxc4 8. e4 Bb4 9. 0-0 Ne7 10. d5 e5 11. Bg5 h6 12. Bh4 Qa5 13. Bg4 Rd8 14. Qf3 Nf8 15. dxc6 bxc6 16. Rfd1 Bd6 17. Bh5 Nfg6 18. Bxe7 Kxe7 19. Qf5 Rhf8 20. Bxg6 fxg6 21. Qxg6 Rf7 22. f3 Kf8 23. Kh1 Rf6 24. Qg4 Bc5 25. Rd7 Rxd7 26. Qxd7 Bd4 27. Rd1 Kg8 28. Ne2 Bxb2 29. Ng3 Qc5 30. Nh5 Qf8 31. Nxf6+ Qxf6 32. Rd6 Qg5 33. Qc8+ Kh7 34. Qf5+ Qxf5 35. exf5 c5 36. Rd2 Bd4 37. g4 Kg8 38. Kg2 Kf7 39. Rc2 c3 40. Kf1 Kf6 41. h4 h5 42. Ke1 hxg4 43. fxg4 e4 44. Rg2 Ke5 45. h5 Kf4 46. g5 Kxf5 47. h6 Kg6 48. Rh2 gxh6 49. gxh6 Kh7 50. Rh4 a5 51. Rxe4 Kxh6 52. Rg4 Kh5 53. Rg8 Kh4 54. Kd1 a4 55. Kc2 a3 56. Ra8 Kg5 57. Rxa3 Kf5 58. Rb3 Ke5 59. a4 c4 60. Rb8 Bf2 61. Kxc3 Kd5 62. Rb5+ Kc6 63. Kxc4 Bg1 64. a5 Bf2 65. a6 Be3 66. Rb7 Bf2 67. Rh7 1-0

[Event "Landesliga Sued 1011"]
[Site "Bayern"]
[Date "2011.04.10"]
[Round "9.7"]
[White "Weichlein, Paul"]
[Black "Stielfried, Martin"]
[Result "1/2-1/2"]
[WhiteElo "1805"]
[BlackElo "2141"]
[PlyCount "98"]
[EventDate "2010.10.10"]
[EventType "team-tourn"]
[EventRounds "9"]
[EventCountry "GER"]
[SourceTitle "EXT 2012"]
[Source "ChessBase"]
[SourceDate "2011.11.24"]
[SourceVersion "1"]
[SourceVersionDate "2011.11.24"]
[SourceQuality "1"]
[WhiteTeam "Haunstetten"]
[BlackTeam "Sendling"]
[WhiteTeamCountry "GER"]
[BlackTeamCountry "GER"]

1. d4 Nf6 2. c4 e6 3. g3 d5 4. Nf3 c6 5. Bg2 Nbd7 6. 0-0 Be7 7. Qc2 0-0 8. b3 Ne4 9. Bb2 f5 10. Nfd2 Qe8 11. f3 Nxd2 12. Nxd2 Qh5 13. e4 f4 14. Rfe1 Bb4 15. a3 Bxd2 16. Qxd2 dxc4 17. bxc4 fxg3 18. hxg3 Qg6 19. Qf2 Nf6 20. f4 h5 21. e5 Ng4 22. Be4 Qxe4 23. Rxe4 Nxf2 24. Kxf2 b5 25. g4 bxc4 26. gxh5 Rb8 27. Bc3 Rb3 28. Bb4 Rf5 29. Rc1 Rxh5 30. Rc3 Rh2+ 31. Kg3 Rc2 32. Ree3 Rcxc3 33. Rxc3 Kf7 34. Kg4 Rxc3 35. Bxc3 Ba6 36. Kg5 Bb5 37. Bb4 g6 38. Kh6 Ba4 39. Kg5 Bc2 40. Kh6 Bf5 41. Kg5 Ke8 42. Kh4 Kd7 43. Kg3 Kc7 44. Kf2 Kb6 45. Ke3 a5 46. Bc5+ Kb5 47. Kd2 Bh3 48. Kc3 Bf1 49. Kb2 Bd3 1/2-1/2

[Event "Landesliga Sued 1011"]
[Site "Bayern"]
[Date "2010.10.24"]
[Round "2.7"]
[White "Buchner, Rudolf"]
[Black "Stielfried, Martin"]
[Result "1-0"]
[WhiteElo "2191"]
[BlackElo "2141"]
[PlyCount "49"]
[EventDate "2010.10.10"]
[EventType "team-tourn"]
[EventRounds "9"]
[EventCountry "GER"]
[SourceTitle "EXT 2012"]
[Source "ChessBase"]
[SourceDate "2011.11.24"]
[SourceVersion "1"]
[SourceVersionDate "2011.11.24"]
[SourceQuality "1"]
[WhiteTeam "Muenchen Tarrasch II"]
[BlackTeam "Sendling"]
[WhiteTeamCountry "GER"]
[BlackTeamCountry "GER"]

1. e4 c5 2. Nf3 d6 3. d4 Nf6 4. Nc3 cxd4 5. Nxd4 a6 6. g3 b5 7. Bg2 Bb7 8. 0-0 e5 9. Nf5 b4 10. Nd5 Nxd5 11. exd5 g6 12. Ne3 Bg7 13. Bd2 a5 14. a3 Na6 15. axb4 axb4 16. Nc4 Qc7 17. Na5 0-0 18. Qe2 Rfb8 19. Nc6 Rc8 20. Qc4 Nb8 21. Rxa8 Bxa8 22. Ra1 Bxc6 23. dxc6 Bf8 24. Ra8 h5 25. Bd5 1-0

[Event "Landesliga Sued 0910"]
[Site "Bayern"]
[Date "2009.11.29"]
[Round "3.5"]
[White "Stielfried, Martin"]
[Black "Wood, Christopher Baruch"]
[Result "1/2-1/2"]
[WhiteElo "2141"]
[BlackElo "2169"]
[PlyCount "26"]
[EventDate "2009.10.18"]
[EventType "team-tourn"]
[EventRounds "9"]
[EventCountry "GER"]
[SourceTitle "EXT 2011"]
[Source "ChessBase"]
[SourceDate "2010.11.26"]
[SourceVersion "1"]
[SourceVersionDate "2010.11.26"]
[SourceQuality "1"]
[WhiteTeam "Sendling"]
[BlackTeam "Muenchen Tarrasch II"]
[WhiteTeamCountry "GER"]
[BlackTeamCountry "GER"]

1. d4 Nf6 2. Nc3 d5 3. Bg5 Nbd7 4. Nf3 c5 5. e3 e6 6. Be2 Be7 7. 0-0 b6 8. h3 Bb7 9. a4 a6 10. Bf4 0-0 11. Ne5 Nxe5 12. Bxe5 Nd7 13. Bh2 f5 1/2-1/2

[Event "Regionalliga NO 0304"]
[Site "Bayern"]
[Date "2004.03.28"]
[Round "8.3"]
[White "Stertkuhl, Eric"]
[Black "Stielfried, Martin"]
[Result "1/2-1/2"]
[WhiteElo "2090"]
[BlackElo "2183"]
[PlyCount "26"]
[EventDate "2003.10.??"]
[EventType "team-tourn"]
[EventRounds "9"]
[EventCountry "GER"]
[SourceTitle "EXT 2006"]
[Source "ChessBase"]
[SourceDate "2005.11.24"]
[SourceVersion "1"]
[SourceVersionDate "2005.11.24"]
[SourceQuality "1"]
[WhiteTeam "Postbauer Heng"]
[BlackTeam "Regensburg Bavaria"]
[WhiteTeamCountry "GER"]
[BlackTeamCountry "GER"]

1. e4 c5 2. Nf3 a6 3. c4 d6 4. d4 cxd4 5. Nxd4 g6 6. Nc3 Bg7 7. Be2 Nf6 8. 0-0 0-0 9. Be3 Nc6 10. Rc1 Bd7 11. h3 Rc8 12. g4 Ne8 13. Nxc6 Rxc6 1/2-1/2

[Event "Regionalliga NO 0203"]
[Site "Bayern"]
[Date "2002.11.17"]
[Round "2.2"]
[White "Stielfried, Martin"]
[Black "Roeder, Gerd"]
[Result "1/2-1/2"]
[WhiteElo "2160"]
[BlackElo "2234"]
[PlyCount "22"]
[EventDate "2002.10.20"]
[EventType "team-tourn"]
[EventRounds "9"]
[EventCountry "GER"]
[SourceTitle "EXT 2004"]
[Source "ChessBase"]
[SourceDate "2003.11.25"]
[SourceVersion "1"]
[SourceVersionDate "2003.11.25"]
[SourceQuality "1"]
[WhiteTeam "Regensburg Bavaria"]
[BlackTeam "Altensittenbach"]
[WhiteTeamCountry "GER"]
[BlackTeamCountry "GER"]

1. Nf3 d5 2. g3 c6 3. Bg2 Bg4 4. Ne5 Bh5 5. d4 Nd7 6. Nd3 Ngf6 7. c3 e6 8. Qb3 Qb6 9. Nd2 Be7 10. Nf4 Bg6 11. 0-0 0-0 1/2-1/2

[Event "Regionalliga NO 0001"]
[Site "Bayern"]
[Date "2001.01.28"]
[Round "5.1"]
[White "Schatz, Christian"]
[Black "Stielfried, Martin"]
[Result "1/2-1/2"]
[WhiteElo "1970"]
[BlackElo "2155"]
[PlyCount "49"]
[EventDate "2000.10.15"]
[EventType "team-tourn"]
[EventRounds "9"]
[EventCountry "GER"]
[SourceTitle "EXT 2020"]
[Source "ChessBase"]
[SourceDate "2019.10.17"]
[SourceVersion "1"]
[SourceVersionDate "2019.10.17"]
[SourceQuality "1"]
[WhiteTeam "Gunzenhausen"]
[BlackTeam "Regensburg Bavaria"]
[WhiteTeamCountry "GER"]
[BlackTeamCountry "GER"]

1. Nf3 c5 2. c4 Nf6 3. Nc3 Nc6 4. d4 cxd4 5. Nxd4 g6 6. g3 d6 7. Bg2 Bd7 8. 0-0 Bg7 9. b3 Nxd4 10. Qxd4 Bc6 11. Bb2 0-0 12. Rfd1 Ne4 13. Qe3 Nxc3 14. Bxc3 Bxc3 15. Qxc3 Bxg2 16. Kxg2 Qb6 17. Rd5 Rac8 18. Rad1 Rc5 19. Rxc5 Qxc5 20. Rd5 Qc6 21. Qf3 Rc8 22. h4 e6 23. Rd2 Qxf3+ 24. Kxf3 Rc6 25. e4 1/2-1/2

[Event "Regionalliga NO 0001"]
[Site "Bayern"]
[Date "2000.11.12"]
[Round "2.1"]
[White "Stielfried, Martin"]
[Black "Gross, Stefan"]
[Result "1/2-1/2"]
[WhiteElo "2155"]
[BlackElo "2390"]
[PlyCount "107"]
[EventDate "2000.10.15"]
[EventType "team-tourn"]
[EventRounds "9"]
[EventCountry "GER"]
[SourceTitle "EXT 2020"]
[Source "ChessBase"]
[SourceDate "2019.10.17"]
[SourceVersion "1"]
[SourceVersionDate "2019.10.17"]
[SourceQuality "1"]
[WhiteTeam "Regensburg Bavaria"]
[BlackTeam "Cham"]
[WhiteTeamCountry "GER"]
[BlackTeamCountry "GER"]

1. Nf3 c5 2. c4 Nf6 3. d4 cxd4 4. Nxd4 b6 5. Nc3 Bb7 6. f3 d6 7. e4 Nbd7 8. Be3 a6 9. Qd2 e6 10. Be2 Be7 11. 0-0 0-0 12. Rfd1 Qc7 13. Rac1 Rac8 14. Bf1 Qb8 15. Kh1 Bd8 16. Bg1 Bc7 17. Nc2 Rcd8 18. Ne3 Kh8 19. Rc2 Ne5 20. Qc1 g5 21. b4 Rg8 22. Qb2 Rg6 23. b5 a5 24. Ne2 Kg8 25. Nd4 Qa8 26. Nd5 exd5 27. cxd5 Rd7 28. Nc6 Ne8 29. Bd4 f6 30. Qc3 Rdg7 31. g3 Qc8 32. Nxe5 fxe5 33. Bxb6 Qd8 34. Be3 Rf7 35. Be2 Rgg7 36. Qb3 Bb6 37. Rc6 Bxe3 38. Qxe3 h5 39. a4 h4 40. b6 hxg3 41. hxg3 Qd7 42. Kg2 Rh7 43. g4 Qe7 44. Rcc1 Qf6 45. Bb5 Re7 46. Rh1 Kf8 47. Qd2 Ref7 48. Qe3 Qd8 49. Rxh7 Rxh7 50. Rh1 Rxh1 51. Kxh1 Kf7 52. Kg2 Nf6 53. Qxg5 Qxb6 54. Qf5 1/2-1/2

[Event "Regionalliga NO 0001"]
[Site "Bayern"]
[Date "2000.10.15"]
[Round "1.3"]
[White "Ertl, Rolf"]
[Black "Stielfried, Martin"]
[Result "1/2-1/2"]
[WhiteElo "2155"]
[BlackElo "2155"]
[PlyCount "95"]
[EventDate "2000.10.15"]
[EventType "team-tourn"]
[EventRounds "9"]
[EventCountry "GER"]
[SourceTitle "EXT 2020"]
[Source "ChessBase"]
[SourceDate "2019.10.17"]
[SourceVersion "1"]
[SourceVersionDate "2019.10.17"]
[SourceQuality "1"]
[WhiteTeam "Koetzting"]
[BlackTeam "Regensburg Bavaria"]
[WhiteTeamCountry "GER"]
[BlackTeamCountry "GER"]

1. e4 c5 2. Nf3 d6 3. g3 e5 4. Bg2 Be7 5. d3 h5 6. h4 Nc6 7. Nc3 Bg4 8. Nd5 f6 9. Be3 Qd7 10. Qd2 Bd8 11. Nh2 Be6 12. c3 Qf7 13. f4 Bxd5 14. exd5 Nce7 15. c4 Qg6 16. 0-0-0 Qxg3 17. fxe5 Ba5 18. Qe2 Nf5 19. Nf3 fxe5 20. Bg5 Nf6 21. Rdg1 Ng4 22. Qe4 0-0 23. Bh3 Nf2 24. Qe2 Nxh1 25. Rxg3 Nhxg3 26. Qg2 Rf7 27. Bd2 Bd8 28. Be1 e4 29. Ng5 Bxg5+ 30. hxg5 h4 31. Bxf5 Nxf5 32. dxe4 Nd4 33. g6 Rf4 34. Bd2 Rf3 35. Bc3 Raf8 36. Bxd4 cxd4 37. Qg4 h3 38. Qh5 Rf1+ 39. Kc2 R8f2+ 40. Kb3 Rf3+ 41. Kb4 R1f2 42. Qh7+ Kf8 43. Qh8+ Ke7 44. Qxg7+ Kd8 45. Qh8+ Kc7 46. Qg7+ Kd8 47. Qh8+ Kc7 48. Qg7+ 1/2-1/2